| 000 | 00479nam a2200133Ia 4500 | ||
|---|---|---|---|
| 008 | 160809s9999 xx 000 0 und d | ||
| 100 | _aKato, Daiju. | ||
| 245 | _aDevelop Quality Characteristics Based Quality Evaluation Process for Ready to Use Software Products | ||
| 245 | _cDaiju Kato and Hiroshi Ishikawa. | ||
| 260 | _bComputer Science and Information Technology | ||
| 260 | _cFebruary 2016 | ||
| 650 | _xINFORMATION TECHNOLOGY | ||
| 856 | _uhttp://airccse.org/V6N50.html | ||
| 999 |
_c300072 _d300072 |
||